[Event "Enniscorthy Masters 2016"]
[Site "Enniscorthy IRL"]
[Date "2016.01.29"]
[Round "1.1"]
[White "Korneev, Oleg"]
[Black "Cafolla, Peter"]
[Result "1-0"]
[Termination "time forfeit"]
[WhiteTitle "GM"]
[WhiteElo "2581"]
[BlackElo "2045"]
[BlackICU "1981"]
[WhiteNationality "ESP"]
[BlackNationality "IRL"]
[WhiteFideId "4156803"]
[BlackFideId "2500884"]
[PlyCount "110"]
[EventDate "2016.01.29"]

{ Annotator: Peter Cafolla (see source). } { Source: <a
href="http://www.viewchess.com/cbreader/2016/1/31/Game3058000.html">Korneev,
O. 2581 &ndash; Cafolla, P. 1968 1&ndash;0</a>, viewchess.com. } { Event
information: <a
href="http://www.irlchess.com/enniscorthy2016_allfiles/pairings_enniscorthy2016.html">Tournament
report</a>, IRLchess. }

1. e4 c5 2. Nf3 Nc6 3. d4 cxd4 4. Nxd4 Nf6 5. Nc3 e5 6. Ndb5 d6 7. Bg5 a6
8. Na3 b5 9. Nd5 Be7 10. Bxf6 Bxf6 11. c3 Ne7 12. Nxf6+ gxf6 13. g3 Bb7 14.
Bg2 f5 15. Qe2 Qb6 16. Nc2 O-O 17. O-O fxe4 18. Bxe4 d5 19. Bg2 f6 20. Rad1
Rad8 21. Rd2 Rd6 22. Rfd1 Rfd8 23. a3 Bc8 24. Kh1 Be6 25. f4 Ng6 26. Qf1
Ne7 27. Re1 d4 28. fxe5 fxe5 29. cxd4 exd4 30. Qf6 Nf5 31. Rxe6 Nxg3+ 32.
hxg3 Rxe6 33. Qg5+ Kh8 34. Bd5 Rg8 35. Qxg8+ Kxg8 36. Nxd4 Qc5 37. Bxe6+
Kg7 38. Kg2 Qe5 39. Bd7 Qb8 40. Nf3 b4 41. axb4 Qxb4 42. Bf5 h6 43. g4 a5
44. Kg3 Qb8+ 45. Kf2 Qb6+ 46. Kg2 Qe3 47. Rd7+ Kf8 48. Kg3 Qc1 49. Rb7 a4
50. Rb5 a3 51. bxa3 Qxa3 52. Rb8+ Kg7 53. Rb7+ Kf8 54. Rb6 Qc1 55. Rf6+ Kg7
{ (Time) } 1-0

[Event "Enniscorthy Masters 2016"]
[Site "Enniscorthy IRL"]
[Date "2016.01.30"]
[Round "3.1"]
[White "Korneev, Oleg"]
[Black "Cardenas Valero, Joaquin"]
[Result "1-0"]
[WhiteTitle "GM"]
[WhiteElo "2581"]
[BlackElo "2296"]
[BlackICU "2173"]
[BlackClub "Curragh"]
[WhiteNationality "ESP"]
[BlackNationality "ESP"]
[WhiteFideId "4156803"]
[BlackFideId "2214610"]
[PlyCount "69"]
[EventDate "2016.01.29"]
[Source "Live boards"]

{ Event information: <a
href="http://www.irlchess.com/enniscorthy2016_allfiles/pairings_enniscorthy2016.html">Tournament
report</a>, IRLchess. }

1. e4 c5 2. Nf3 Nc6 3. Bb5 e6 4. Bxc6 bxc6 5. d3 d5 6. Qe2 Nf6 7. e5 Nd7 8.
c4 Be7 9. Nc3 O-O 10. O-O a5 11. b3 Ba6 12. Na4 Nb6 13. Nxb6 Qxb6 14. Bg5
Bxg5 15. Nxg5 h6 16. Nh3 a4 17. Rab1 Qa5 18. Rfc1 Rfd8 19. Nf4 Rab8 20. h4
Rb4 21. Nh5 Qc7 22. Re1 Qe7 23. Qg4 Qf8 24. f4 Kh8 25. Kh2 Rdb8 26. Ra1 Rd8
27. Re3 dxc4 28. dxc4 Rd4 29. Rg3 g6 30. Nf6 Rb8 31. Qf3 Bb7 32. h5 Qg7 33.
hxg6 fxg6 34. Rf1 Rf8 35. Qg4 1-0

[Event "Enniscorthy Masters 2016"]
[Site "Enniscorthy IRL"]
[Date "2016.01.30"]
[Round "3.2"]
[White "Gallik, Miroslav"]
[Black "Baburin, Alexander"]
[Result "0-1"]
[BlackTitle "GM"]
[WhiteElo "1994"]
[BlackElo "2490"]
[WhiteICU "1887"]
[BlackICU "2434"]
[WhiteClub "Balbriggan"]
[BlackClub "Kilkenny"]
[WhiteNationality "CZE"]
[BlackNationality "IRL"]
[WhiteFideId "361160"]
[BlackFideId "2500914"]
[PlyCount "78"]
[EventDate "2016.01.29"]
[Source "Live boards"]

{ Event information: <a
href="http://www.irlchess.com/enniscorthy2016_allfiles/pairings_enniscorthy2016.html">Tournament
report</a>, IRLchess. }

1. e4 Nf6 2. e5 Nd5 3. c4 Nb6 4. d4 d6 5. exd6 exd6 6. Bd3 Nc6 7. Ne2 Nb4
8. O-O Nxd3 9. Qxd3 Be7 10. Nbc3 O-O 11. b3 c6 12. d5 cxd5 13. Nxd5 Nxd5
14. cxd5 Bf6 15. Rb1 Re8 16. Bb2 Bxb2 17. Rxb2 Bd7 18. Rd2 Rc8 19. Nc3 Qa5
20. Rc2 Qb4 21. Rfc1 g6 22. Re2 Rxe2 23. Nxe2 Rxc1+ 24. Nxc1 Qe1+ 25. Qf1
Qd2 26. h3 Bf5 27. f3 b5 28. Kh2 a5 29. Qxb5 Qf4+ 30. Kg1 Qxc1+ 31. Kh2 Qc5
32. Qb7 Kg7 33. Kg3 h5 34. h4 Qe3 35. Qc6 Qe1+ 36. Kh2 Qxh4+ 37. Kg1 Qe1+
38. Kh2 Qe5+ 39. Kg1 h4 0-1

[Event "Enniscorthy Masters 2016"]
[Site "Enniscorthy IRL"]
[Date "2016.01.30"]
[Round "3.3"]
[White "O'Gorman, Tom"]
[Black "Fitzsimons, David"]
[Result "0-1"]
[BlackTitle "FM"]
[WhiteElo "2101"]
[BlackElo "2400"]
[WhiteICU "2134"]
[BlackICU "2305"]
[WhiteClub "Dun Laoghaire"]
[BlackClub "Elm Mount"]
[WhiteNationality "IRL"]
[BlackNationality "IRL"]
[WhiteFideId "2508249"]
[BlackFideId "2501961"]
[PlyCount "86"]
[EventDate "2016.01.29"]
[Source "Live boards"]

{ Event information: <a
href="http://www.irlchess.com/enniscorthy2016_allfiles/pairings_enniscorthy2016.html">Tournament
report</a>, IRLchess. }

1. e4 g6 2. d4 Bg7 3. Nc3 d5 4. e5 Nh6 5. Bd3 O-O 6. Nf3 c5 7. dxc5 Nc6 8.
Bf4 Ng4 9. Qe2 d4 10. Ne4 Ngxe5 11. Nxe5 Nxe5 12. Bxe5 Bxe5 13. O-O-O Qa5
14. Kb1 Bf5 15. h4 Bxe4 16. Qxe4 Qxc5 17. h5 Bf6 18. hxg6 hxg6 19. Rh6 Bg7
20. Rh3 Rfc8 21. Qh4 Rc6 22. f4 Rd8 23. f5 gxf5 24. Rf1 Rh6 25. Qg5 Rg6 26.
Qh4 Rxg2 27. Qh7+ Kf8 28. Bxf5 d3 29. Bxd3 Qe5 30. c3 Rxb2+ 31. Ka1 Rf2 32.
Rxf2 Qxc3+ 33. Kb1 Qe1+ 34. Kc2 Qxf2+ 35. Kd1 Qxa2 36. Rf3 Qd5 37. Rg3 Qe5
38. Rf3 Rd6 39. Qh3 Qa1+ 40. Ke2 Qb2+ 41. Kd1 Rc6 42. Rxf7+ Kxf7 43. Qf5+
Ke8 0-1

[Event "Enniscorthy Masters 2016"]
[Site "Enniscorthy IRL"]
[Date "2016.01.30"]
[Round "3.4"]
[White "Duffy, Seamus"]
[Black "Cafolla, Peter"]
[Result "1/2-1/2"]
[WhiteElo "2018"]
[BlackElo "2045"]
[WhiteICU "1916"]
[BlackICU "1981"]
[WhiteClub "Bray/Greystones"]
[WhiteNationality "IRL"]
[BlackNationality "IRL"]
[WhiteFideId "2501708"]
[BlackFideId "2500884"]
[PlyCount "54"]
[EventDate "2016.01.29"]
[Source "Live boards"]
[WhiteFullName "Duffy, S&eacute;amus"]

{ Event information: <a
href="http://www.irlchess.com/enniscorthy2016_allfiles/pairings_enniscorthy2016.html">Tournament
report</a>, IRLchess. } { Other information: Note: <a
href="https://www.facebook.com/EnniscorthyChessClub/photos/pcb.1027602590614964/1027602493948307/?type=3">Photo</a>
of game in progress (nearest camera) after Black's 6th move, Enniscorthy
C.C. Facebook page, January 30, 2016. }

1. e4 e5 2. Nf3 Nc6 3. c3 Nf6 4. d4 Nxe4 5. d5 Ne7 6. Nxe5 Ng6 7. Nxg6 hxg6
8. Be3 Be7 9. Nd2 Nxd2 10. Qxd2 d6 11. O-O-O Bf5 12. Bb5+ Bd7 13. Bd3 Bf5
14. Bxf5 gxf5 15. Qd3 Qd7 16. Bd4 Rg8 17. Rhe1 Kf8 18. Re2 Bg5+ 19. Kb1 Re8
20. Rde1 Rxe2 21. Rxe2 c5 22. dxc6 bxc6 23. Bc5 Be7 24. Ba3 Rh8 25. Qg3 Rh6
26. h3 Re6 27. Qd3 Rxe2 1/2-1/2

[Event "Enniscorthy Masters 2016"]
[Site "Enniscorthy IRL"]
[Date "2016.01.30"]
[Round "4.1"]
[White "Baburin, Alexander"]
[Black "Korneev, Oleg"]
[Result "1/2-1/2"]
[WhiteTitle "GM"]
[BlackTitle "GM"]
[WhiteElo "2490"]
[BlackElo "2581"]
[WhiteICU "2434"]
[WhiteClub "Kilkenny"]
[WhiteNationality "IRL"]
[BlackNationality "ESP"]
[WhiteFideId "2500914"]
[BlackFideId "4156803"]
[PlyCount "23"]
[EventDate "2016.01.29"]
[Source "Live boards"]

{ Event information: <a
href="http://www.irlchess.com/enniscorthy2016_allfiles/pairings_enniscorthy2016.html">Tournament
report</a>, IRLchess. }

1. d4 d5 2. c4 c6 3. cxd5 cxd5 4. Nf3 Nf6 5. Nc3 Nc6 6. Bf4 a6 7. Rc1 Bf5
8. e3 e6 9. Bd3 Bxd3 10. Qxd3 Be7 11. O-O O-O 12. Ne5 1/2-1/2

[Event "Enniscorthy Masters 2016"]
[Site "Enniscorthy IRL"]
[Date "2016.01.30"]
[Round "4.2"]
[White "Cafolla, Peter"]
[Black "Fitzsimons, David"]
[Result "0-1"]
[BlackTitle "FM"]
[WhiteElo "2045"]
[BlackElo "2400"]
[WhiteICU "1981"]
[BlackICU "2305"]
[BlackClub "Elm Mount"]
[WhiteNationality "IRL"]
[BlackNationality "IRL"]
[WhiteFideId "2500884"]
[BlackFideId "2501961"]
[PlyCount "34"]
[EventDate "2016.01.29"]
[Source "Live boards"]

{ Event information: <a
href="http://www.irlchess.com/enniscorthy2016_allfiles/pairings_enniscorthy2016.html">Tournament
report</a>, IRLchess. }

1. d4 Nf6 2. c4 e6 3. Nc3 Bb4 4. f3 c5 5. d5 O-O 6. e4 d6 7. Bd3 b5 8. Ne2
exd5 9. cxd5 c4 10. Bb1 Qb6 11. b3 Nbd7 12. bxc4 bxc4 13. a3 Ba5 14. Kf1
Ne5 15. Bg5 Bxc3 16. Nxc3 Qb2 17. Bd2 Qxa1 0-1

[Event "Enniscorthy Masters 2016"]
[Site "Enniscorthy IRL"]
[Date "2016.01.30"]
[Round "4.3"]
[White "Cardenas Valero, Joaquin"]
[Black "Duffy, Seamus"]
[Result "1-0"]
[WhiteElo "2296"]
[BlackElo "2018"]
[WhiteICU "2173"]
[BlackICU "1916"]
[WhiteClub "Curragh"]
[BlackClub "Bray/Greystones"]
[WhiteNationality "ESP"]
[BlackNationality "IRL"]
[WhiteFideId "2214610"]
[BlackFideId "2501708"]
[PlyCount "87"]
[EventDate "2016.01.29"]
[Source "Live boards"]
[BlackFullName "Duffy, S&eacute;amus"]

{ Event information: <a
href="http://www.irlchess.com/enniscorthy2016_allfiles/pairings_enniscorthy2016.html">Tournament
report</a>, IRLchess. }

1. e4 e5 2. Nc3 Nf6 3. f4 d5 4. fxe5 Nxe4 5. Nf3 Be7 6. d4 Bg4 7. Bd3 Bh4+
8. g3 Nxc3 9. bxc3 Be7 10. h3 Bh5 11. O-O Qd7 12. Kg2 Nc6 13. Qe2 Bg6 14.
Bf4 Bxd3 15. cxd3 O-O 16. Ng5 Nd8 17. Rab1 h6 18. Nf3 c6 19. Nh2 Ne6 20.
Ng4 Bg5 21. Ne3 b5 22. Qg4 Nxf4+ 23. gxf4 Qxg4+ 24. hxg4 Bd8 25. Nf5 Re8
26. Rfc1 Re6 27. Ne3 g6 28. c4 dxc4 29. dxc4 bxc4 30. Nxc4 Re7 31. Kf3 Rc7
32. Ke4 Be7 33. Na5 Rac8 34. Rc4 c5 35. d5 Re8 36. Rb7 Rxb7 37. Nxb7 Rc8
38. d6 Bd8 39. Nxd8 Rxd8 40. Rxc5 Kf8 41. Rc7 Rb8 42. Rxa7 h5 43. gxh5 gxh5
44. Kf5 1-0

[Event "Enniscorthy Masters 2016"]
[Site "Enniscorthy IRL"]
[Date "2016.01.30"]
[Round "4.4"]
[White "Poisseroux, Benoit"]
[Black "Gallik, Miroslav"]
[Result "0-1"]
[WhiteElo "1802"]
[BlackElo "1994"]
[BlackICU "1887"]
[WhiteClub "Blagny FRA"]
[BlackClub "Balbriggan"]
[WhiteNationality "FRA"]
[BlackNationality "CZE"]
[WhiteFideId "658146"]
[BlackFideId "361160"]
[PlyCount "40"]
[EventDate "2016.01.29"]
[Source "Live boards"]
[WhiteFullName "Poisseroux, Beno&icirc;t"]

{ Event information: <a
href="http://www.irlchess.com/enniscorthy2016_allfiles/pairings_enniscorthy2016.html">Tournament
report</a>, IRLchess. }

1. d4 Nf6 2. Bg5 e6 3. Nd2 h6 4. Bxf6 Qxf6 5. Ngf3 c5 6. e3 d5 7. c3 Nc6 8.
Bd3 Bd6 9. dxc5 Bxc5 10. Nb3 Bb6 11. Bb5 O-O 12. Nbd4 e5 13. Nxc6 bxc6 14.
Ba4 Ba6 15. Qd2 d4 16. exd4 exd4 17. O-O-O dxc3 18. Qxc3 Qf4+ 19. Kb1 Qxa4
20. Rhe1 Ba5 0-1

[Event "Enniscorthy Masters 2016"]
[Site "Enniscorthy IRL"]
[Date "2016.01.31"]
[Round "6.1"]
[White "O'Gorman, Tom"]
[Black "Korneev, Oleg"]
[Result "0-1"]
[BlackTitle "GM"]
[WhiteElo "2101"]
[BlackElo "2581"]
[WhiteICU "2134"]
[WhiteClub "Dun Laoghaire"]
[WhiteNationality "IRL"]
[BlackNationality "ESP"]
[WhiteFideId "2508249"]
[BlackFideId "4156803"]
[PlyCount "72"]
[EventDate "2016.01.29"]
[Source "Live boards"]

{ Event information: <a
href="http://www.irlchess.com/enniscorthy2016_allfiles/pairings_enniscorthy2016.html">Tournament
report</a>, IRLchess. }

1. d4 d5 2. c4 e6 3. Nc3 c6 4. cxd5 exd5 5. Nf3 Nf6 6. Bg5 Be7 7. e3 Bf5 8.
Bd3 Bxd3 9. Qxd3 Nbd7 10. O-O O-O 11. Rab1 a5 12. a3 Re8 13. b4 axb4 14.
axb4 b5 15. Rfc1 Ne4 16. Bxe7 Qxe7 17. Qc2 Nd6 18. Nd2 Nb6 19. Qb3 Ndc4 20.
Nxc4 dxc4 21. Qd1 Nd5 22. Nxd5 cxd5 23. Qf3 Red8 24. Re1 Ra4 25. e4 Rxb4
26. Ra1 Rb3 27. Qf4 Qf6 28. Qc7 Rb2 29. Rf1 dxe4 30. Ra6 Qxd4 31. Ra7 Rf8
32. Qe7 Rd2 33. Rb7 c3 34. Rxb5 Rd1 35. Rb1 c2 36. Rc1 Rxc1 0-1

[Event "Enniscorthy Masters 2016"]
[Site "Enniscorthy IRL"]
[Date "2016.01.31"]
[Round "6.2"]
[White "Gallik, Miroslav"]
[Black "Fitzsimons, David"]
[Result "0-1"]
[BlackTitle "FM"]
[WhiteElo "1994"]
[BlackElo "2400"]
[WhiteICU "1887"]
[BlackICU "2305"]
[WhiteClub "Balbriggan"]
[BlackClub "Elm Mount"]
[WhiteNationality "CZE"]
[BlackNationality "IRL"]
[WhiteFideId "361160"]
[BlackFideId "2501961"]
[PlyCount "160"]
[EventDate "2016.01.29"]
[Source "Live boards"]

{ Event information: <a
href="http://www.irlchess.com/enniscorthy2016_allfiles/pairings_enniscorthy2016.html">Tournament
report</a>, IRLchess. }

1. e4 c5 2. Nf3 d6 3. d4 cxd4 4. Nxd4 Nf6 5. Nc3 a6 6. Be3 Nbd7 7. f3 e6 8.
Bc4 Ne5 9. Bb3 Qc7 10. Qe2 b5 11. O-O Be7 12. a4 bxa4 13. Rxa4 O-O 14. Rfa1
Bb7 15. Bf2 Rfc8 16. Nb1 Nfd7 17. f4 Nc6 18. Nxc6 Bxc6 19. Rxa6 Rxa6 20.
Rxa6 Nc5 21. Bxc5 dxc5 22. e5 Qd7 23. Nc3 c4 24. Ba4 Bc5+ 25. Kh1 Qd4 26.
Qf1 Bb7 27. Ra5 Bb6 28. Rb5 Ba6 29. Ne2 Qe3 30. Qf3 Qxf3 31. gxf3 Bxb5 32.
Bxb5 Be3 33. Kg2 Rc5 34. Ba6 f6 35. exf6 gxf6 36. Kg3 f5 37. b3 cxb3 38.
cxb3 Rc6 39. Bc4 Kf7 40. Kg2 Kf6 41. Kg3 Rc7 42. Kh3 Ke7 43. Kg3 Kd6 44.
Kg2 Rc6 45. Kh3 Kc5 46. Kh4 Kd6 47. Kg5 Ke7 48. Kh4 Kf6 49. Kh5 e5 50.
fxe5+ Kxe5 51. Kh4 Bf4 52. Kh3 Rh6+ 53. Kg2 Rxh2+ 54. Kg1 Rh6 55. Kg2 Bd2
56. Kg1 Kd6 57. Bd3 f4 58. Kg2 Kc5 59. Bc4 Kb4 60. Kg1 Ka3 61. Kg2 Kb2 62.
Bd5 Kc2 63. Nd4+ Kd1 64. Nf5 Rh5 65. Be4 Bc3 66. Nd6 Ke2 67. Bc6 Bb4 68.
Nc4 Be1 69. Be4 Rb5 70. Nd6 Rxb3 71. Nf5 Rb6 72. Nd4+ Ke3 73. Nf5+ Kd2 74.
Kh3 Rg6 75. Nd4 Rg3+ 76. Kh2 Ke3 77. Nf5+ Kf2 78. Nd4 Rg2+ 79. Kh3 Kg1 80.
Bc6 h5 0-1

[Event "Enniscorthy Masters 2016"]
[Site "Enniscorthy IRL"]
[Date "2016.01.31"]
[Round "6.3"]
[White "Baburin, Alexander"]
[Black "Duffy, Seamus"]
[Result "1-0"]
[WhiteTitle "GM"]
[WhiteElo "2490"]
[BlackElo "2018"]
[WhiteICU "2434"]
[BlackICU "1916"]
[WhiteClub "Kilkenny"]
[BlackClub "Bray/Greystones"]
[WhiteNationality "IRL"]
[BlackNationality "IRL"]
[WhiteFideId "2500914"]
[BlackFideId "2501708"]
[PlyCount "69"]
[EventDate "2016.01.29"]
[Source "Live boards"]
[BlackFullName "Duffy, S&eacute;amus"]

{ Event information: <a
href="http://www.irlchess.com/enniscorthy2016_allfiles/pairings_enniscorthy2016.html">Tournament
report</a>, IRLchess. }

1. d4 Nf6 2. c4 c5 3. d5 b5 4. cxb5 a6 5. bxa6 g6 6. Nc3 Bxa6 7. g3 d6 8.
Nf3 Bg7 9. Bg2 O-O 10. O-O Nbd7 11. Qc2 Qc7 12. Rd1 Rfb8 13. Rb1 Nb6 14. b3
Nfd7 15. Bb2 Rb7 16. e4 Rab8 17. Bf1 Bxf1 18. Kxf1 Nc8 19. Nd2 Na7 20. Kg2
Ne5 21. Ne2 Nb5 22. a4 Na7 23. Bxe5 Bxe5 24. Nc4 Bg7 25. Nf4 h5 26. Rd3 Rb4
27. Re1 Qb7 28. Ree3 Bd4 29. Rf3 Qd7 30. h3 Kg7 31. Qe2 Rh8 32. e5 dxe5 33.
Nxe5 Bxe5 34. Qxe5+ Kg8 35. Nxg6 1-0

[Event "Enniscorthy Masters 2016"]
[Site "Enniscorthy IRL"]
[Date "2016.01.31"]
[Round "6.4"]
[White "Cafolla, Peter"]
[Black "Poisseroux, Benoit"]
[Result "1/2-1/2"]
[WhiteElo "2045"]
[BlackElo "1802"]
[WhiteICU "1981"]
[BlackClub "Blagny FRA"]
[WhiteNationality "IRL"]
[BlackNationality "FRA"]
[WhiteFideId "2500884"]
[BlackFideId "658146"]
[PlyCount "72"]
[EventDate "2016.01.29"]
[Source "Live boards"]
[BlackFullName "Poisseroux, Beno&icirc;t"]

{ Event information: <a
href="http://www.irlchess.com/enniscorthy2016_allfiles/pairings_enniscorthy2016.html">Tournament
report</a>, IRLchess. }

1. e4 g6 2. d4 Bg7 3. c4 d6 4. Nc3 a6 5. Nf3 Nf6 6. Be2 O-O 7. O-O c5 8. d5
Nbd7 9. h3 Re8 10. Bf4 b6 11. Qc2 Bb7 12. Rad1 Rf8 13. g4 h5 14. Ng5 hxg4
15. hxg4 Ne5 16. f3 Qd7 17. Qd2 Nfxg4 18. fxg4 Nxg4 19. Bxg4 Qxg4+ 20. Qg2
Bd4+ 21. Kh1 Qxg2+ 22. Kxg2 Kg7 23. Rh1 Rh8 24. Rxh8 Rxh8 25. Rh1 Rxh1 26.
Kxh1 Bc8 27. Kg2 Bxc3 28. bxc3 b5 29. cxb5 axb5 30. Kg3 Ba6 31. a3 Bc8 32.
Nf3 Bb7 33. Nd2 Kf6 34. Kf3 g5 35. Bg3 Kg6 36. Ke3 f5 1/2-1/2